Statystyki dla Układanka z nazwą podzielonego kraju

Kliknij tutaj aby rozwiązać quiz!

Ogólne statystyki

  • Ten quiz został rozwiązany 17 razy
    (16 od ostatniego zresetowania)
  • Średni wynik to 17 z 20

Statystyki odpowiedzi

Country Name% Poprawnych
BARBADOSBarbados
100%
STANYZJEDNOCZONEStany Zjednoczone
100%
WENEZUELAWenezuela
100%
WIELKABRYTANIAWielka Brytania
100%
GRECJAGrecja
94%
ISLANDIAIslandia
94%
UKRAINAUkraina
94%
BELGIABelgia
88%
MONGOLIAMongolia
88%
POLSKAPolska
88%
TANZANIATanzania
88%
ALGIERIAAlgieria
81%
PANAMAPanama
81%
SOMALIASomalia
81%
UGANDAUganda
81%
GRUZJAGruzja
75%
TAJLANDIATajlandia
75%
NIEMCYNiemcy
63%
WATYKANWatykan
63%
SRILANKASri Lanka
56%

Rozkład punktacji

Percentyl według liczby udzielonych odpowiedzi

Procent ludzi z każdym wynikiem

Twoja historia wyników

Nie rozwiązałeś tego quizu od ostatniego zresetowania